Hanebnost /

Hlavní autor: Coetzee, J. M. 1940-
Další autoři: Vosková, Monika, 1952-
Jazyk: Čeština
Vydáno: Praha : Volvox Globator, 2002
Vydání: Vyd. 1.
Edice: Arkáda
Témata:
Fyzický popis: 194 s. ; 22 cm
Knihy
Uloženo v:
LEADER 01105nam a2200337 a 4500
001 000624099
003 CZ BrMZK
005 20070403080636.0
007 ta
008 020920s2002 xr g f cze d
015 |a cnb001093570 
020 |a 80-7207-456-3 
035 |a (OCoLC)51189501 
040 |a BOA001  |b cze 
041 1 |a cze  |h eng 
072 7 |a 821.111-3  |x Anglická próza, anglicky psaná  |2 Konspekt  |9 25 
080 |a 821.111(680)-31  |2 MRF 
080 |a (0:82-31)  |2 MRF 
100 1 |a Coetzee, J. M.  |q (John M.),  |d 1940-  |7 jn19990001433  |4 aut 
245 1 0 |a Hanebnost /  |c J.M. Coetzee ; [z angličtiny přeložila Monika Vosková] 
250 |a Vyd. 1. 
260 |a Praha :  |b Volvox Globator,  |c 2002 
300 |a 194 s. ;  |c 22 cm 
490 1 |a Arkáda ;  |v sv. 15 
655 7 |a jihoafrické romány (anglicky)  |7 fd183413  |2 czenas 
700 1 |a Vosková, Monika,  |d 1952-  |7 ola2003182121  |4 trl 
765 0 |t Disgrace  |9 Česky 
830 0 |a Arkáda  |0 s 
910 |a BOA001  |b 2-1107.069 
990 |a BK 
996 6 |b 2610170091  |c 2-1107.069  |l MZK  |r Sklad / do 1 hodiny  |n 13  |p p.v.  |w 000624099  |u 000010  |a 1  |e BOA001  |j MZK50  |s P